What is a reasonable adjustment? (Record no. 66465)
[ view plain ]
| 000 -LEADER | |
|---|---|
| fixed length control field | 01398cam a2200229 4500 |
| 001 - CONTROL NUMBER | |
| control field | ABS63743 |
| 008 - FIXED-LENGTH DATA ELEMENTS--GENERAL INFORMATION | |
| fixed length control field | 000000n2001 000 0 eng u |
| 035 ## - SYSTEM CONTROL NUMBER | |
| System control number | (Sirsi) u111529 |
| 245 ## - TITLE STATEMENT | |
| Title | What is a reasonable adjustment? |
| 260 ## - PUBLICATION, DISTRIBUTION, ETC. | |
| Date of publication, distribution, etc. | 2001 |
| 490 ## - SERIES STATEMENT | |
| Series statement | Facilities Management |
| Volume/sequential designation | 8(6) March 2001, 23(1) |
| 520 ## - SUMMARY, ETC. | |
| Summary, etc. | Explores the meaning, and scope, of "reasonable adjustment", a requirement of the Disability Discrimination Act 1995. The act requires employers to take positive steps to reduce or eliminate disadvantages disabled people may face compared to non-disabled employees. Gives details of section 6, which sets out the possible adjustments and how to approach them. Employers are not expected to make adjustments that enable the employee to function generally. Recommends employers study paragraphs 4.21 onwards of the Code of Practice to gain an appreciation of what is meant by "reasonable" adjustments. These indicate, for instance, that if a disabled person's job is at risk, it is reasonable to spend the amount that would be needed to recruit and train a replacement, on adjustments. Also discusses cost parameters, benefits and pay. |
| 590 ## - LOCAL NOTE (RLIN) | |
| Local note | ABS |
| 650 ## - SUBJECT ADDED ENTRY--TOPICAL TERM | |
| Topical term or geographic name entry element | DISABILITY DISCRIMINATION ACT 1995 |
| 650 ## - SUBJECT ADDED ENTRY--TOPICAL TERM | |
| Topical term or geographic name entry element | ADJUSTMENTS |
| 650 ## - SUBJECT ADDED ENTRY--TOPICAL TERM | |
| Topical term or geographic name entry element | EMPLOYERS |
| 650 ## - SUBJECT ADDED ENTRY--TOPICAL TERM | |
| Topical term or geographic name entry element | EMPLOYMENT LAW |
| 650 ## - SUBJECT ADDED ENTRY--TOPICAL TERM | |
| Topical term or geographic name entry element | DISCRIMINATION |
| 650 ## - SUBJECT ADDED ENTRY--TOPICAL TERM | |
| Topical term or geographic name entry element | ACCESS |
| 690 ## - LOCAL SUBJECT ADDED ENTRY--TOPICAL TERM (OCLC, RLIN) | |
| Topical term or geographic name as entry element | LAW |
| 942 ## - ADDED ENTRY ELEMENTS (KOHA) | |
| Suppress in OPAC | 0 |
| Withdrawn status | Lost status | Source of classification or shelving scheme | Damaged status | Not for loan | Home library | Current library | Shelving location | Date acquired | Total Checkouts | Full call number | Barcode | Date last seen | Copy number | Price effective from | Koha item type |
|---|---|---|---|---|---|---|---|---|---|---|---|---|---|---|---|
| Dewey Decimal Classification | London | London | Journal article | 21/03/2001 | ABS63743 | 111529-1001 | 06/08/2019 | 1 | 06/08/2019 | Journal article |